| 000 | 00866nam a22002897a 4500 | ||
|---|---|---|---|
| 003 | CHAP | ||
| 005 | 20220817044357.0 | ||
| 008 | 100927s1989 mx r 00010 spa d | ||
| 010 | _a99333 | ||
| 011 | _a100305 | ||
| 035 | _a110991 | ||
| 040 | _cCHAP | ||
| 082 | 1 | 4 |
_a344.72 _bR33 |
| 100 | 1 |
_aReyes Romero, Carlos _996975 |
|
| 245 | 1 | 3 |
_aEl debate actual : _bdos proyectos de nación _c/por Carlos Reyes Romero |
| 260 |
_aMéxico, D. F. : _bSTUNAM, _c1989 |
||
| 300 | _a255 p. | ||
| 590 |
_aBATCH-UPD _b10 _c20130110 _lUCH01 _h1646 |
||
| 590 |
_aCONVERSION _b10 _c20130109 _lUCH01 _h1355 |
||
| 650 | 1 | 4 |
_aDerecho laboral. _931890 |
| 650 | 1 | 4 | _aReformas constitucionales. |
| 650 | 1 | 4 |
_aSeguridad social. _9103676 |
| 650 | 1 | 4 | _aTrabajo y trabajadores. |
| 901 | _aBK | ||
| 942 | _cLIBRO | ||
| 949 |
_a344.72 R33 _bBC _cLIBRO _d33724002218553 _eLIBRO _h113584 _i110991 _sb |
||
| 999 |
_c99333 _d99333 |
||